000 01462nam a2200337Ia 4500
001 ebr10428221
003 CaPaEBR
006 m u
007 cr cn|||||||||
008 100629s2010 enka sb 001 0 eng d
010 _z 2010024207
020 _z9781409400752
040 _aCaPaEBR
_cCaPaEBR
035 _a(OCoLC)694146955
050 1 4 _aQ180.55.E25
_bW54 2010eb
082 0 4 _a509.4093/3
_222
100 1 _aWigelsworth, Jeffrey R.
245 1 0 _aSelling science in the age of Newton
_h[electronic resource] :
_badvertising and the commoditization of knowledge /
_cJeffrey R. Wigelsworth.
260 _aFarnham, Surrey, UK ;
_aBurlington, VT :
_bAshgate Pub.,
_cc2010.
300 _axii, 203 p. :
_bill., facsim.
490 1 _aScience, technology, and culture, 1700-1945
504 _aIncludes bibliographical references and index.
533 _aElectronic reproduction.
_bPalo Alto, Calif. :
_cebrary,
_d2011.
_nAvailable via World Wide Web.
_nAccess may be limited to ebrary affiliated libraries.
650 0 _aResearch
_xEconomic aspects
_xHistory
_y18th century.
650 0 _aScience
_xSocial aspects
_xHistory
_y18th century.
650 0 _aScience
_xHistory
_y18th century.
655 7 _aElectronic books.
_2local
710 2 _aebrary, Inc.
830 0 _aScience, technology, and culture, 1700-1945.
856 4 0 _uhttp://site.ebrary.com/lib/rucke/Doc?id=10428221
_zAn electronic book accessible through the World Wide Web; click to view
999 _c239580
_d239580